Υλοποίηση και Μανατζμεντ Συστημάτων / Πληροφοριακά Συστήματα (Record no. 159)
[ view plain ]
| 000 -LEADER | |
|---|---|
| fixed length control field | 01649cam a22001934a 4500 |
| 005 - ΗΜΕΡΟΜΗΝΙΑ ΚΑΙ ΩΡΑ ΤΕΛΕΥΤΑΙΑΣ ΕΝΗΜΕΡΩΣΗΣ | |
| Πεδίο ελέγχου | 20250605163926.0 |
| 008 - FIXED-LENGTH DATA ELEMENTS--GENERAL INFORMATION | |
| Πεδίο ελέγχου σταθερού μήκους | 250528s ||||||||||||||||||||||||d |
| 035 ## - SYSTEM CONTROL NUMBER | |
| System control number | 14534 |
| 020 ## - ISBN | |
| ISBN | 9607235030 |
| 040 ## - ΠΗΓΗ ΚΑΤΑΛΟΓΟΓΡΑΦΗΣΗΣ | |
| Φορέας πρωτότυπης καταλογογράφησης | MC Athens Campus Library |
| Γλώσσα καταλογογράφησης | Ελληνικά, Μοντέρνα (1453-) |
| Modifying agency | MC Athens Campus Library |
| Κανόνες περιγραφικής καταλογογράφησης | AACR2 |
| 245 1# - ΤΙΤΛΟΣ ΚΑΙ ΔΗΛΩΣΗ ΥΠΕΥΘΥΝΟΤΗΤΑΣ | |
| Τίτλος | Υλοποίηση και Μανατζμεντ Συστημάτων / Πληροφοριακά Συστήματα |
| 260 ## - PUBLICATION, DISTRIBUTION, ETC. | |
| Name of publisher, distributor, etc. | Νέων Τεχνολογιών, |
| Date of publication, distribution, etc. | 1992 |
| 300 ## - PHYSICAL DESCRIPTION | |
| Extent | 320 |
| 520 ## - SUMMARY, ETC. | |
| Summary, etc. | Το βιβλίο αυτό είναι το κλασσικό σύγγραμμα υλοποίησης (implementation) και διαχείρισης/ διοίκησης (management) πληροφοριακών συστημάτων και εφαρμογών. Πρόλογος, Υλοποίηση Συστημάτων, Τεχνολογία Λογισμικού: Μια Ωριμότερη Ματιά, Κατασκευή Προγραμμάτων, Δομημένα Εργαλεία και Τεχνικές, Έλεγχος Ποιότητας Λογισμικού, Εγκατάσταση Συστήματος, Το Μάνατζμεντ της Πληροφορικής, Πληροφορική Οργάνωση και Διοίκηση, Διαχείριση Έργων Πληροφορικής, Τεχνικές Επικοινωνίας στην Πληροφορική, Τεκμηρίωση Πληροφοριακών Συστημάτων, Τεχνολογία Γνώσεων και Συστήματα Εμπειρογνωμοσύνης, Βιβλιογραφία, Ευρετήριο. |
| 700 1# - ΠΡΟΣΘΕΤΗ ΑΝΑΓΡΑΦΗ--ΦΥΣΙΚΟ ΠΡΟΣΩΠΟ | |
| Personal name | Λαοπόδης Βασίλης Γ |
| 9 (RLIN) | 238 |
| 942 ## - ADDED ENTRY ELEMENTS (KOHA) | |
| Koha item type | Books |
| Τύπος τεκμηρίου | Βιβλιοθήκη | Τρέχουσα τοποθεσία | Barcode | Αριθμός εισαγωγής | Ημερομηνία απόκτησης | Ταξιθετικό σύμβολο | Αριθμός αντιτύπου | Κατάσταση απόσυρσης | Κατάσταση χαμένου | Κατάσταση κατεστραμμένου | Μη δανεισμός | Σύνολο δανεισμών | Ημερομηνία τελευταίας εμφάνισης | Η τιμή ισχύει από |
|---|---|---|---|---|---|---|---|---|---|---|---|---|---|---|
| Books | MC Athens Campus Library | MC Athens Campus Library | 9780000001580 | 174 | 05/06/2025 | 658.4038011 LAO | 1 | 05/06/2025 | 05/06/2025 |